00333nam a2200133Ia 4500003000400000008004100004040001600045082002100061100002400082245004200106650001300148650001400161650002400175GCL140319s9999 xx 000 0 eng d aGCL / cGCL04aCHb372.216bA F1 aABDEL RASHEED, ATEF10aFUNNY LETTERS / cABDEL RASHEED, ATEF04aCHILDREN04aEDUCATION04aCHILDREN - LEARNING